000 00716nam a2200193 i 4500
001 55650
003 ES-MaACL
005 20230906163204.0
007 t|
008 030924s1964 sp ||||1| spa d
100 1 _aDesroches-Noblecourt, Christiane.
_943937
245 1 0 _aVida y muerte de un faraón
_b: Tutankhamon /
_cChristiane Desroches-Noblecourt ; fotografías por F.L. Kenett ; epígrafes de A. Choukry ; prólogo representante de la RAU ; [traducción de Ana Cela].
260 _a[Barcelona] :
_bNoguer,
_c[1964]
300 _a312 p., 28 lám. :
_bil. ;
_c26 cm.
700 1 _aKenett, F. L.
_967831
700 1 _aChokry, A.
_938598
700 1 _aCela, Ana.
_937335
852 _aES-MaACL
_jC-25235
_bR.54146
999 _c55650
_d55650